[Event "Titled Tue 17th Jun Late"]
[Site "chess.com INT"]
[Date "2025.06.17"]
[Round "10"]
[White "Hakobyan, Aram"]
[Black "Nguyen, Ngoc Truong Son"]
[Result "0-1"]
[WhiteTitle "GM"]
[BlackTitle "GM"]
[WhiteElo "2620"]
[BlackElo "2600"]
[WhiteFideId "13306677"]
[BlackFideId "12401110"]
[EventDate "2025.06.17"]

1. d4 Nf6 2. c4 e6 3. Nc3 d5 4. cxd5 exd5 5. a3 c6 6. Bf4 Bd6 7. Bxd6 Qxd6 8. e3
O-O 9. Bd3 a5 10. Nge2 Re8 11. O-O Nbd7 12. Qd2 Nf8 13. Ng3 g6 14. Rae1 h5 15.
e4 N6h7 16. e5 Qd8 17. f4 h4 18. Nge2 f5 19. h3 Ne6 20. Kh2 b5 21. Rc1 Bd7 22.
Qe3 Nhf8 23. Ng1 Re7 24. Nf3 Rg7 25. Ne2 Be8 26. Qf2 Rh7 27. Rc2 Rb8 28. Rfc1 b4
29. axb4 Rxb4 30. Qe3 Qb6 31. Qd2 a4 32. Ra1 Rb7 33. Ra2 c5 34. dxc5 Nxc5 35.
Ra3 Rxb2 36. Ned4 Nce6 37. Nxe6 Nxe6 38. Rac3 Rxc2 39. Bxc2 Qb4 40. Qxd5 Qxc3
41. Qxe6+ Bf7 42. Qa6 Qb4 43. Qf6 Qxf4+ 44. Kg1 a3 45. e6 Qe3+ 46. Kh1 Qxe6 47.
Qd8+ Qe8 48. Qa5 a2 49. Bb3 Rxb3 50. Ng5 Rb1+ 51. Kh2 a1=Q 52. Qe5 Qaxe5+ 0-1

[Event "Titled Tue 17th Jun Late"]
[Site "chess.com INT"]
[Date "2025.06.17"]
[Round "10"]
[White "Romany, Joy"]
[Black "Arias Igual, Alejandro"]
[Result "0-1"]
[WhiteTitle "WIM"]
[BlackTitle "FM"]
[WhiteElo "1960"]
[BlackElo "2242"]
[WhiteFideId "10656820"]
[BlackFideId "2254905"]
[EventDate "2025.06.17"]

1. d4 d5 2. c4 e6 3. Nf3 c5 4. cxd5 exd5 5. g3 Nc6 6. Bg2 Nf6 7. O-O Be7 8. Nc3
O-O 9. Bg5 c4 10. Bxf6 Bxf6 11. e3 Be6 12. Nd2 Rb8 13. b3 b5 14. bxc4 bxc4 15.
Nxc4 Nxd4 16. Nd2 Nf5 17. Rc1 Qa5 18. Ndb1 d4 19. exd4 Nxd4 20. Ne4 Rfd8 21.
Nxf6+ gxf6 22. Qe1 Qxe1 23. Rfxe1 Bxa2 24. Nc3 Be6 25. Ne4 Kg7 26. Nc5 Bf5 27.
Be4 Bg6 28. Kg2 a5 29. Bxg6 hxg6 30. Re7 Rbc8 31. Nd3 Rxc1 32. Nxc1 Ra8 33. Rd7
Ne6 34. Na2 a4 35. Kf3 f5 36. Ke3 Kf6 37. Kd2 Kg5 38. Kc2 f6 39. Kb2 f4 40.
gxf4+ Nxf4 41. Ka3 Nh3 42. Rd2 f5 43. Nc3 Kg4 44. Nxa4 f4 45. Kb3 Rb8+ 46. Kc3
Rc8+ 47. Kb3 Rc1 48. Nc3 Rf1 49. Ne4 g5 50. Rc2 Kf5 51. Nc5 Rxf2 52. Rxf2 Nxf2
53. Kc3 Ne4+ 54. Nxe4 Kxe4 55. Kd2 Kf3 56. Ke1 Kg2 0-1

[Event "Titled Tue 17th Jun Late"]
[Site "chess.com INT"]
[Date "2025.06.17"]
[Round "10"]
[White "Khlebovich, Alexander"]
[Black "Demirtas, Alper"]
[Result "1-0"]
[WhiteTitle "IM"]
[BlackTitle "CM"]
[WhiteElo "2423"]
[BlackElo "2205"]
[WhiteFideId "4169123"]
[BlackFideId "44576781"]
[EventDate "2025.06.17"]

1. d4 d5 2. c4 e6 3. Nf3 Nf6 4. g3 dxc4 5. Bg2 c5 6. O-O Nc6 7. Qa4 Bd7 8. dxc5
Bxc5 9. Qxc4 Qe7 10. Nc3 O-O 11. Bg5 Rac8 12. Qh4 h6 13. Bxf6 Qxf6 14. Qxf6 gxf6
15. Rfd1 Rfd8 16. Ne4 Be7 17. Nd6 Bxd6 18. Rxd6 Be8 19. Rxd8 Rxd8 20. Rc1 Kf8
21. Kf1 Ke7 22. Ke1 Bd7 23. Nd2 Rc8 24. Nb3 b6 25. a3 Ne5 26. Rxc8 Bxc8 27. Kd2
Ba6 28. Nd4 f5 29. f4 Nc4+ 30. Kc3 Ne3 31. Bh3 Bb7 32. b3 Be4 33. Kd2 Nd5 34.
Nc6+ Kd6 35. Nxa7 Kc5 36. e3 Ne7 37. Bf1 Bd5 38. b4+ Kd6 39. Nb5+ Kd7 40. Nd4
Nc8 41. Bb5+ Ke7 42. Bc6 Bc4 43. Kc3 Bf1 44. b5 Nd6 45. a4 Nc4 46. e4 fxe4 47.
Bxe4 Na5 48. Nc6+ Nxc6 49. Bxc6 Kd6 50. Kb4 f6 51. a5 bxa5+ 52. Kxa5 Kc5 53. Bd7
e5 54. fxe5 fxe5 55. b6 Bg2 56. Bc8 Kd6 57. Ka6 e4 58. b7 e3 59. b8=Q+ Kd5 60.
Qb7+ 1-0

[Event "Titled Tue 17th Jun Late"]
[Site "chess.com INT"]
[Date "2025.06.17"]
[Round "10"]
[White "Fikiet, Alex"]
[Black "Goryachkina, Aleksandra"]
[Result "0-1"]
[BlackTitle "GM"]
[WhiteElo "2151"]
[BlackElo "2533"]
[WhiteFideId "2052717"]
[BlackFideId "4147103"]
[EventDate "2025.06.17"]

1. e4 c5 2. d4 cxd4 3. c3 dxc3 4. Nxc3 Nc6 5. Nf3 e6 6. Bc4 Nge7 7. O-O Ng6 8.
Bg5 f6 9. Be3 Be7 10. Bb3 O-O 11. Nd5 b6 12. Nxe7+ Qxe7 13. Qd2 Bb7 14. Rfd1
Rfd8 15. Rac1 Kh8 16. Qd6 Qxd6 17. Rxd6 Nge5 18. Nxe5 Nxe5 19. Rc7 Bxe4 20. f4
Ng4 21. Bd4 Bc6 22. Bxe6 dxe6 23. Rcxc6 e5 24. fxe5 fxe5 25. Bc3 Rxd6 26. Rxd6
Re8 27. Rd7 Kg8 28. Rxa7 Rd8 29. g3 Rd5 30. h3 Ne3 31. Re7 Nc4 32. b3 Rd3 33.
Bxe5 Nxe5 34. Rxe5 Rxg3+ 35. Kh2 Rd3 36. Rb5 Rd2+ 37. Kg3 Rxa2 38. Rxb6 Kf7 39.
b4 Rb2 40. b5 Rb4 41. h4 h5 42. Rb7+ Kf6 43. b6 Kf5 44. Rb8 Rb3+ 45. Kh2 Kg4 46.
Rg8 Kxh4 47. Rxg7 Rxb6 48. Rg8 Rb2+ 49. Kg1 Kh3 50. Rg7 Rb1+ 51. Kf2 h4 52. Rg8
Rb2+ 53. Kg1 Rb3 54. Kf2 Rg3 55. Rh8 Rg7 56. Kf3 Rf7+ 57. Ke2 Kg3 58. Rg8+ Kh2
59. Rh8 h3 60. Rh7 Rxh7 0-1

[Event "Titled Tue 17th Jun Late"]
[Site "chess.com INT"]
[Date "2025.06.17"]
[Round "10"]
[White "Tamames Soria, Cesar Manuel"]
[Black "Damaraju, Ashwin"]
[Result "1-0"]
[WhiteTitle "IM"]
[WhiteElo "2221"]
[BlackElo "2084"]
[WhiteFideId "3529169"]
[BlackFideId "39908348"]
[EventDate "2025.06.17"]

1. d4 Nf6 2. Nf3 g6 3. e3 Bg7 4. Be2 O-O 5. O-O d6 6. c4 Nbd7 7. Nc3 e5 8. h3 b6
9. e4 exd4 10. Nxd4 Bb7 11. f3 a5 12. Bg5 Qe8 13. Qd2 Qe5 14. Bf4 Nxe4 15. Bxe5
Nxd2 16. Bxg7 Kxg7 17. Rfd1 Nxc4 18. Bxc4 Nf6 19. Rac1 d5 20. Bb3 c5 21. Ndb5 d4
22. Ne2 Bc6 23. Nbxd4 Bd7 24. Nc2 Rfe8 25. Nf4 a4 26. Bd5 Nxd5 27. Rxd5 Bb5 28.
Na3 Bc6 29. Rd6 Rac8 30. Nc4 b5 31. Nb6 Bb7 32. Nxc8 Rxc8 33. Rb6 Ba8 34. Rxb5
c4 35. Rb4 a3 36. bxa3 c3 37. Rb3 c2 38. Rb2 Rd8 39. Rbxc2 g5 40. Rc8 Rd2 41.
Nh5+ Kg6 42. Rxa8 Kxh5 43. Ra6 h6 44. Rcc6 f6 45. Rxf6 Kh4 46. Kh2 h5 47. Ra4+
g4 48. fxg4 Re2 49. gxh5+ Kg5 50. Rg6+ Kxh5 51. Rgg4 Kh6 52. Ra6+ Kh7 53. Rb4
Kh8 54. Rb8+ Kg7 55. Rb7+ Kg8 56. Ra8+ Re8 57. Rxe8# 1-0

[Event "Titled Tue 17th Jun Late"]
[Site "chess.com INT"]
[Date "2025.06.17"]
[Round "10"]
[White "Bratovic, Blaz"]
[Black "Yang, Daniel"]
[Result "1-0"]
[WhiteTitle "IM"]
[BlackTitle "CM"]
[WhiteElo "2319"]
[BlackElo "2198"]
[WhiteFideId "14603551"]
[BlackFideId "30976340"]
[EventDate "2025.06.17"]

1. e4 c5 2. Nf3 d6 3. d4 cxd4 4. Nxd4 Nf6 5. Nc3 a6 6. Bg5 Nbd7 7. Bc4 Qb6 8.
Bb3 e6 9. O-O Be7 10. Be3 Nc5 11. f4 O-O 12. f5 Ncxe4 13. fxe6 fxe6 14. Nf5 Nxc3
15. Nxe7+ Kf7 16. Rxf6+ Kxf6 17. Bxb6 Nxd1 18. Nxc8 Raxc8 19. Rxd1 Rc6 20. Bd4+
e5 21. Bc3 Ke7 22. a4 Rfc8 23. a5 b5 24. Bb4 Rd8 25. c3 Kf6 26. Rf1+ Kg6 27.
Bf7+ Kh6 28. Bd5 Rc7 29. b3 Kg6 30. h4 h5 31. Rf3 Kh7 32. Rf5 g6 33. Rf6 Kg7 34.
Re6 Kh7 35. Kf2 Rf7+ 36. Ke2 Rf4 37. g3 Rg4 38. Re7+ Kh8 39. Kf3 Rf8+ 40. Kg2
Rf6 41. c4 bxc4 42. bxc4 Rd4 43. Re8+ Kh7 44. Re7+ Kh8 45. Rd7 Rd3 46. Rxd6 Rxd6
47. Bxd6 e4 48. Be5+ Kh7 49. Kf2 Rf3+ 50. Ke2 Ra3 51. Bc7 Kg7 52. Bxe4 Kf6 53.
c5 Ke6 54. c6 Ra4 55. Bf3 Rb4 56. Bb6 Kd6 57. c7 Kd7 58. Bg2 Rc4 59. Bh3+ Ke7
60. c8=Q Rxc8 61. Bxc8 Kd6 1-0

[Event "Titled Tue 17th Jun Late"]
[Site "chess.com INT"]
[Date "2025.06.17"]
[Round "10"]
[White "Rustemov, Alexander"]
[Black "Lin, Bryan Enming"]
[Result "1-0"]
[WhiteTitle "GM"]
[BlackTitle "FM"]
[WhiteElo "2525"]
[BlackElo "2343"]
[WhiteFideId "4119002"]
[BlackFideId "30987121"]
[EventDate "2025.06.17"]

1. d4 Nf6 2. Bg5 e6 3. e3 h6 4. Bh4 Be7 5. Nd2 c5 6. c3 O-O 7. Bd3 b6 8. Ngf3
Bb7 9. Qe2 d6 10. h3 a6 11. a4 Nbd7 12. Bg3 cxd4 13. exd4 Re8 14. O-O Bf8 15.
Rfe1 e5 16. dxe5 dxe5 17. Bc4 e4 18. Nd4 Ne5 19. Nf1 Nxc4 20. Qxc4 Qd5 21. Ne3
Qh5 22. Qc7 Bc8 23. Qxb6 Bc5 24. Qb3 Bxd4 25. cxd4 Be6 26. Qd1 Qa5 27. Be5 Nd7
28. Bf4 Nf6 29. Re2 Nd5 30. Nxd5 Bxd5 31. Bd6 Qd8 32. Bc5 Qg5 33. Qd2 Qxd2 34.
Rxd2 e3 35. fxe3 Rxe3 36. b4 Rb3 37. Re1 f6 38. Re7 Rb1+ 39. Kh2 Ra1 40. a5 Rb1
41. Rd7 Be6 42. Rd6 Bc4 43. d5 Re8 44. Rc2 Bd3 45. Rd2 Bc4 46. Rc6 Ree1 47. d6
Rh1+ 48. Kg3 Rb3+ 49. Kf4 Rf1+ 50. Ke4 Re1+ 51. Kd4 Be6 52. Rc7 Rbe3 53. d7 Re4+
54. Kc3 Rc4+ 55. Kb2 Bxd7 56. Rdxd7 Re2+ 57. Kb3 Rcc2 58. Rxg7+ Kh8 59. Rh7+ Kg8
60. Rcg7# 1-0

[Event "Titled Tue 17th Jun Late"]
[Site "chess.com INT"]
[Date "2025.06.17"]
[Round "10"]
[White "Mekhitarian, Krikor Sevag"]
[Black "Caprio, Guido"]
[Result "1-0"]
[WhiteTitle "GM"]
[BlackTitle "IM"]
[WhiteElo "2564"]
[BlackElo "2435"]
[WhiteFideId "2107660"]
[BlackFideId "834580"]
[EventDate "2025.06.17"]

1. Nf3 d6 2. d4 g6 3. e4 Bg7 4. c4 Nf6 5. Nc3 O-O 6. h3 c5 7. d5 e6 8. Be2 exd5
9. exd5 Re8 10. O-O Na6 11. Bd3 Bf5 12. Bxf5 gxf5 13. Re1 Ne4 14. Nxe4 fxe4 15.
Ng5 e3 16. Rxe3 Rxe3 17. Bxe3 Qf6 18. Rb1 Re8 19. Qg4 Qg6 20. Rd1 Rxe3 21. fxe3
f5 22. Qg3 Be5 23. Qh4 Bf6 24. Qxh7+ Qxh7 25. Nxh7 Kxh7 26. b3 Kg6 27. Kf2 Nb4
28. a4 Na2 29. Kf3 Nc3 30. Rg1 Ne4 31. Rd1 Be5 32. g4 Ng5+ 33. Kg2 fxg4 34. hxg4
Ne4 35. Kf3 Ng5+ 36. Ke2 Nh7 37. Rh1 Bf6 38. Rf1 Ng5 39. Rf5 Nf7 40. Rf1 Ne5 41.
Rg1 Bg5 42. Rh1 Bh6 43. Rg1 Kg5 44. Rf1 Bg7 45. Rg1 Nxg4 46. Kf3 Kf5 47. Rxg4
Be5 48. Rh4 b6 49. Rh7 a5 50. Rb7 Bf6 51. Rxb6 Be7 52. Ra6 Bf8 53. Rxa5 Be7 54.
Ra6 Bf8 55. a5 Ke5 56. Rb6 Be7 57. a6 Bd8 58. Rb7 Bf6 59. a7 Kf5 60. a8=Q 1-0

[Event "Titled Tue 17th Jun Late"]
[Site "chess.com INT"]
[Date "2025.06.17"]
[Round "10"]
[White "Ady, Jonathan J."]
[Black "Anhwere, Bernard"]
[Result "1-0"]
[WhiteTitle "FM"]
[BlackTitle "CM"]
[WhiteElo "2355"]
[BlackElo "1906"]
[WhiteFideId "6000240"]
[BlackFideId "12600580"]
[EventDate "2025.06.17"]

1. e4 c5 2. Nf3 d6 3. c3 Nf6 4. Be2 g6 5. O-O Bg7 6. Bb5+ Bd7 7. Bxd7+ Nbxd7 8.
Re1 O-O 9. d4 cxd4 10. cxd4 a6 11. Nc3 Rc8 12. Bg5 Nb6 13. Rc1 Nc4 14. b3 Nb6
15. Qd2 Qd7 16. Bh6 Qg4 17. h3 Qh5 18. Bxg7 Kxg7 19. e5 Nfd5 20. Ne4 dxe5 21.
dxe5 Qf5 22. Nc5 Nf4 23. Nd4 Qg5 24. Qxf4 Qxf4 25. Nce6+ fxe6 26. Nxe6+ Kh6 27.
Nxf4 Rxf4 28. Rxc8 Nxc8 29. Rc1 Rf8 30. Rc7 b5 31. f4 Kg7 32. g3 Kf7 33. Kf2 Rd8
34. Ke3 Ke8 35. g4 Nb6 36. Rc6 Nd5+ 37. Ke4 a5 38. f5 gxf5+ 39. gxf5 b4 40. Rh6
Nc3+ 41. Ke3 Rd5 42. Re6 Kf7 43. Kf4 Rd4+ 44. Kg5 Ne4+ 45. Kh6 Ng3 46. Kg5 Rd2
47. Rh6 Ne4+ 48. Kf4 Nf2 49. Rxh7+ Kf8 50. e6 Nd3+ 51. Ke3 Rd1 52. Ke2 Nb2 53.
h4 Rd5 54. Rf7+ Kg8 55. h5 Rd4 56. Rxe7 Rh4 57. f6 Kf8 58. Rh7 Kg8 59. f7+ Kxh7
60. f8=Q 1-0

[Event "Titled Tue 17th Jun Late"]
[Site "chess.com INT"]
[Date "2025.06.17"]
[Round "10"]
[White "Rogov, Matfey"]
[Black "Dubnevych, Maksym"]
[Result "0-1"]
[WhiteTitle "FM"]
[BlackTitle "FM"]
[WhiteElo "2348"]
[BlackElo "2296"]
[WhiteFideId "44191308"]
[BlackFideId "14184001"]
[EventDate "2025.06.17"]

1. e4 e5 2. Nf3 Nc6 3. Nc3 Nf6 4. d4 exd4 5. Nd5 Be7 6. Nxd4 Nxd4 7. Qxd4 Nxd5
8. exd5 O-O 9. Be2 Bf6 10. Qd3 d6 11. O-O Re8 12. Bf3 a5 13. c4 a4 14. Rb1 g6
15. Qd2 Bf5 16. Ra1 a3 17. Be2 Bg7 18. g4 Bd7 19. Rb1 axb2 20. Rxb2 b6 21. Rb3
Qh4 22. Rg3 Be5 23. f4 Bg7 24. a3 Qe7 25. Bd3 c6 26. f5 Be5 27. Rgf3 Qh4 28. h3
b5 29. cxb5 cxd5 30. Qg2 Qd8 31. fxg6 fxg6 32. h4 Be6 33. h5 g5 34. Bd2 Qb6+ 35.
Kh1 Rf8 36. Bxg5 Qd4 37. Bf6 Rxf6 38. Rxf6 Bxf6 39. g5 Bg7 40. g6 h6 41. Qe2 Re8
42. Bf5 Qh4+ 43. Kg2 Qg5+ 44. Kh1 Be5 45. Bxe6+ Rxe6 46. Rf3 Qxh5+ 47. Kg2 Rxg6+
48. Kf1 Qh1+ 49. Kf2 Rg2+ 50. Ke3 Rxe2+ 51. Kxe2 Qb1 52. Rb3 Qxb3 0-1

[Event "Titled Tue 17th Jun Late"]
[Site "chess.com INT"]
[Date "2025.06.17"]
[Round "10"]
[White "Jovic, Stanoje"]
[Black "George, Kevin"]
[Result "0-1"]
[WhiteTitle "FM"]
[BlackTitle "IM"]
[WhiteElo "2096"]
[BlackElo "2327"]
[WhiteFideId "905020"]
[BlackFideId "10669515"]
[EventDate "2025.06.17"]

1. c4 e5 2. g3 c6 3. d4 e4 4. d5 Nf6 5. Bg2 Bc5 6. Nc3 Qe7 7. Qc2 O-O 8. Nxe4
cxd5 9. cxd5 Bb4+ 10. Nc3 Re8 11. Nf3 Nxd5 12. O-O Nxc3 13. bxc3 Bc5 14. Nd4 Nc6
15. Nf5 Qxe2 16. Bd2 d5 17. Nh4 Be6 18. Rab1 Rab8 19. Qc1 Ne5 20. Qd1 Qxd1 21.
Rfxd1 Nc4 22. Bf4 Na3 23. Rb3 Rbd8 24. Rxb7 Bg4 25. Bf3 Bxf3 26. Nxf3 Re2 27.
Be3 Bxe3 28. fxe3 h6 29. Rxa7 Nb5 30. Ra5 Nxc3 31. Rd3 Rc8 32. Nd4 Rb2 33. Nf5
Kh7 34. Ne7 Ne2+ 35. Kf2 Rcc2 36. Kf3 Ng1+ 37. Kf4 Rf2+ 38. Ke5 Rxh2 39. a4 Nf3+
40. Kd6 Ne1 41. Rdxd5 Nc2 42. Ra8 Nxe3 43. Re5 Nc4+ 44. Kd5 Nxe5 45. Kxe5 Rhe2+
46. Kd6 Red2+ 47. Nd5 Rb4 48. Kc5 Rg4 49. Nb6 Rxg3 50. a5 Ra3 51. a6 Rda2 52.
Nd7 Rxa6 53. Nf8+ Kg8 54. Rb8 Rc2+ 55. Kb5 Rb2+ 0-1

[Event "Titled Tue 17th Jun Late"]
[Site "chess.com INT"]
[Date "2025.06.17"]
[Round "10"]
[White "Chen, Yidong"]
[Black "Volodin, Alexandr E."]
[Result "1-0"]
[BlackTitle "FM"]
[WhiteElo "2074"]
[BlackElo "2344"]
[WhiteFideId "8607028"]
[BlackFideId "34268871"]
[EventDate "2025.06.17"]

1. e4 c5 2. Nf3 d6 3. d4 cxd4 4. Nxd4 Nf6 5. Nc3 a6 6. Be3 e5 7. Nb3 Be7 8. h3
Be6 9. Qf3 Nc6 10. O-O-O O-O 11. g4 b5 12. g5 Nd7 13. h4 Na5 14. Kb1 Nc4 15. Bc1
a5 16. Nxb5 a4 17. Nd2 Ndb6 18. Nxc4 Nxc4 19. Bxc4 Bxc4 20. Nc3 Qb6 21. Nd5 Bxd5
22. Rxd5 f6 23. Qe3 Qc6 24. Rg1 f5 25. f3 a3 26. b3 Rac8 27. Qd2 fxe4 28. fxe4
Qb6 29. Qe3 Qc6 30. Qe2 Qb6 31. Be3 Qc6 32. Rgd1 Qc3 33. Bc1 Rf3 34. Bxa3 Re3
35. Qd2 Rf3 36. Qxc3 Rfxc3 37. Bxd6 Bxd6 38. Rxd6 Rxc2 39. Rd8+ Kf7 40. Rxc8
Rxc8 41. Rd7+ Kg6 42. a4 Kh5 43. Rxg7 Kxh4 44. Rxh7+ Kxg5 45. Rf7 Kg4 46. Rf5
Rc3 47. Kb2 Re3 48. Rxe5 Kf4 49. Re8 Re2+ 50. Ka3 Ke3 51. Kb4 Kd4 52. Rd8+ Ke5
53. Kb5 Rh2 54. b4 Ke6 55. a5 Rh5+ 56. Kb6 Ke7 57. Rd5 Rh6+ 58. Kb7 Re6 59. e5
Ke8 60. a6 Re7+ 61. Kb6 Re6+ 62. Ka5 Ke7 63. b5 Rg6 64. a7 Rg1 65. Kb6 Ra1 66.
Kb7 Ke6 67. Rc5 Kd7 68. a8=Q Rxa8 69. Kxa8 Ke6 70. Kb7 Kd7 71. Rd5+ Ke6 72. Kc6
Ke7 73. b6 Ke6 74. b7 Ke7 75. b8=Q Ke6 1-0

[Event "Titled Tue 17th Jun Late"]
[Site "chess.com INT"]
[Date "2025.06.17"]
[Round "10"]
[White "Diaz Guerrero, Jesus Daniel"]
[Black "Playa, Marcelo"]
[Result "1/2-1/2"]
[WhiteTitle "CM"]
[BlackTitle "IM"]
[WhiteElo "2076"]
[BlackElo "2376"]
[WhiteFideId "3979288"]
[BlackFideId "102202"]
[EventDate "2025.06.17"]

1. e4 e6 2. d4 d5 3. Nc3 Bb4 4. e5 c5 5. a3 Bxc3+ 6. bxc3 Ne7 7. Qg4 Qc7 8. Bd2
cxd4 9. cxd4 Qxc2 10. Rc1 Qg6 11. Qf4 O-O 12. Nf3 Qe4+ 13. Qxe4 dxe4 14. Ng5
Nbc6 15. Be3 Nf5 16. Nxe4 Nfxd4 17. Bxd4 Nxd4 18. Nd6 Nf5 19. Nxf5 exf5 20. f4
Be6 21. Be2 Rac8 22. O-O Rxc1 23. Rxc1 Rc8 24. Rd1 Kf8 25. Bf3 b6 26. a4 Ke7 27.
a5 bxa5 28. Ra1 Rc5 29. Rb1 a6 30. Rb6 Bc4 31. Rb7+ Kd8 32. Rb8+ Kc7 33. Rb7+
Kc8 34. Rb1 a4 35. Ra1 Bb3 36. Be2 a5 37. Kf2 Kc7 38. Bd3 g6 39. Ke3 Kc6 40. Kd4
Rd5+ 41. Kc3 Kc5 42. Rc1 Rd7 43. h3 Rc7 44. Kb2+ Kb6 45. Re1 Rd7 46. Kc3 h5 47.
Rg1 Kc5 48. Rc1 Kd5 49. Rg1 Rc7+ 50. Kb2 Kd4 51. Bb1 Ke3 52. g4 hxg4 53. hxg4
Kxf4 54. gxf5 gxf5 55. Rf1+ Kxe5 56. Rxf5+ Kd4 57. Rxa5 Rc5 58. Ra8 f5 59. Rd8+
Ke3 60. Re8+ Kf4 61. Re1 Kg4 62. Rg1+ Kh5 63. Rh1+ Kg5 64. Rg1+ Kf6 65. Rf1 Re5
66. Ka3 Rb5 67. Rxf5+ Rxf5 68. Bxf5 Kxf5 69. Kb2 Ke4 70. Ka3 Kd3 71. Kb2 Kd2 72.
Ka1 a3 73. Kb1 a2+ 74. Kb2 Kd3 75. Ka1 Kc4 76. Kb2 Kb4 77. Ka1 Ka3 1/2-1/2

[Event "Titled Tue 17th Jun Late"]
[Site "chess.com INT"]
[Date "2025.06.17"]
[Round "10"]
[White "Shukhman, Anna"]
[Black "Bluebaum, Matthias"]
[Result "0-1"]
[WhiteTitle "WGM"]
[BlackTitle "GM"]
[WhiteElo "2413"]
[BlackElo "2663"]
[WhiteFideId "54180058"]
[BlackFideId "24651516"]
[EventDate "2025.06.17"]

1. e4 e6 2. d4 d5 3. Nc3 Nf6 4. e5 Nfd7 5. f4 c5 6. Nf3 Nc6 7. Be3 Rb8 8. Be2
cxd4 9. Nxd4 Bc5 10. Qd2 O-O 11. O-O-O a6 12. h4 Nxd4 13. Bxd4 b5 14. h5 b4 15.
Na4 Bxd4 16. Qxd4 Qa5 17. b3 Nb6 18. Nxb6 Qxb6 19. Qd2 a5 20. h6 g6 21. g4 a4
22. Kb1 Bd7 23. Rhf1 Ra8 24. Qd4 Qa5 25. Rd2 Qa7 26. Qxa7 Rxa7 27. Bd3 f6 28.
exf6 Rxf6 29. f5 exf5 30. gxf5 gxf5 31. Rg2+ Rg6 32. Rgf2 Rxh6 33. Bxf5 Bb5 34.
Rg1+ Rg7 35. Re1 a3 36. c4 dxc4 37. Be6+ Rxe6 38. Rxe6 cxb3 39. axb3 Bd3+ 40.
Ka2 Rg1 41. Re8+ Kg7 42. Re7+ Kh6 43. Re6+ Kg5 44. Re5+ Kg4 45. Rd2 Bb1+ 46. Ka1
Bf5+ 47. Ka2 Bb1+ 48. Ka1 Bg6+ 49. Ka2 Kf4 50. Rc5 Bb1+ 51. Ka1 Bd3+ 52. Ka2 Ke3
53. Rh2 Kd4 54. Rch5 Bb1+ 55. Ka1 Bg6+ 56. Ka2 Bb1+ 57. Ka1 Bg6+ 58. Ka2 Bxh5
59. Rd2+ Ke3 60. Rd3+ Kf2 61. Rf3+ Kg2 62. Rg3+ Kh2 63. Rh3+ Kg2 64. Rg3+ Kf2
65. Rf3+ Ke1 66. Re3+ Kf1 0-1

[Event "Titled Tue 17th Jun Late"]
[Site "chess.com INT"]
[Date "2025.06.17"]
[Round "10"]
[White "Winkels, Marcel"]
[Black "Ristic, Nebojsa M"]
[Result "0-1"]
[WhiteTitle "CM"]
[BlackTitle "IM"]
[WhiteElo "1905"]
[BlackElo "2248"]
[WhiteFideId "1003887"]
[BlackFideId "900850"]
[EventDate "2025.06.17"]

1. e4 e6 2. d4 d5 3. Nc3 Bb4 4. exd5 exd5 5. Bd3 c6 6. Ne2 Ne7 7. a3 Bd6 8. Ng3
Nd7 9. Qh5 Nf6 10. Qh4 Ng6 11. Bxg6 fxg6 12. O-O O-O 13. Bg5 Qc7 14. Rae1 Bd7
15. Re2 h6 16. Bd2 g5 17. Bxg5 hxg5 18. Qxg5 Rae8 19. Rfe1 Rxe2 20. Rxe2 Bxg3
21. hxg3 Re8 22. f3 Rxe2 23. Nxe2 Qb6 24. b3 Qa6 25. Qe3 Qxa3 26. Nf4 Qd6 27.
Kf2 Bf5 28. c3 Kf7 29. g4 Bxg4 30. Qd3 Bd7 31. Qg6+ Kf8 32. Nh3 Bxh3 33. gxh3
Qe7 34. h4 Qe8 35. Qg5 Qh5 36. Qf4 Qe8 37. c4 dxc4 38. bxc4 Kg8 39. Qf5 a5 40.
d5 cxd5 41. cxd5 a4 42. d6 a3 43. Qc2 Qc6 44. Qb3+ Qd5 45. Qxa3 Qd4+ 46. Kg2 Nh5
47. Qb3+ Kh7 48. Qc2+ Kh6 49. Qc7 Nf4+ 50. Kg3 Ne6 51. Qe7 Qf4+ 52. Kf2 Nd4 53.
Qe3 Qxe3+ 54. Kxe3 Nc6 55. Ke4 Kg6 56. Kd5 Kf7 57. f4 g6 58. Kc5 Ke6 59. Kb6
Kxd6 60. Kxb7 Ne7 61. Kb6 Nf5 62. Kb5 Nxh4 63. Kc4 Ke6 64. Kd4 Kf5 65. Ke3 Ng2+
66. Kf3 Nxf4 67. Kg3 g5 68. Kf3 g4+ 69. Kg3 Nh5+ 70. Kg2 Kf4 71. Kf2 g3+ 72. Kg2
Kg4 0-1

[Event "Titled Tue 17th Jun Late"]
[Site "chess.com INT"]
[Date "2025.06.17"]
[Round "10"]
[White "Moreira, Ronaldo Alonso"]
[Black "Uzuner, Tufan Can"]
[Result "1-0"]
[BlackTitle "CM"]
[WhiteElo "2094"]
[BlackElo "1909"]
[WhiteFideId "2110547"]
[BlackFideId "6300499"]
[EventDate "2025.06.17"]

1. d4 d5 2. c4 e6 3. Nc3 a6 4. e3 Nf6 5. Nf3 Be7 6. Bd3 dxc4 7. Bxc4 b5 8. Bd3
Bb7 9. O-O Nbd7 10. Qe2 c5 11. Rd1 Qb6 12. b3 O-O 13. Bb2 cxd4 14. exd4 Rfd8 15.
Ne5 Nf8 16. Ne4 Nxe4 17. Bxe4 Bxe4 18. Qxe4 Rd5 19. Rd3 Rad8 20. Rf3 Bf6 21. h4
Bxe5 22. dxe5 Rd1+ 23. Rxd1 Rxd1+ 24. Kh2 Qd8 25. g3 h5 26. Qb7 Qd7 27. Qa8 Qd5
28. Qxd5 Rxd5 29. Re3 a5 30. Re2 Nd7 31. Kg2 Nc5 32. Rc2 Kh7 33. f4 Kg6 34. Kf3
b4 35. Bc1 Kf5 36. Rd2 Rd3+ 37. Rxd3 Nxd3 38. Bd2 f6 39. exf6 gxf6 40. Ke3 Nc5
41. Kd4 Nd7 42. Kc4 e5 43. fxe5 fxe5 44. Kb5 Ke4 45. Kxa5 Kd3 46. Bg5 e4 47.
Kxb4 Ne5 48. Kc5 Nf7 49. Bf4 e3 50. Bxe3 Kxe3 51. a4 Ne5 52. a5 Nd3+ 53. Kb6 Kd4
54. a6 Nb4 55. a7 Nd5+ 56. Kb7 Ne3 57. a8=Q Nf5 58. Qd8+ Ke5 59. Qg5 Ke4 60.
Qxh5 Nxg3 61. Qg6+ Kf3 62. Qxg3+ Kxg3 63. h5 Kf4 64. h6 Ke5 65. h7 Kd4 66. h8=Q+
Kd3 67. Qc8 Kd4 68. Ka7 Kd5 69. b4 Ke4 70. b5 Kd3 71. b6 Kd4 72. b7 Kd5 73. b8=Q
Ke4 74. Qbb7+ Ke5 75. Qe7+ Kd4 76. Qed7+ Ke5 77. Qce8+ Kf6 78. Qdf7+ Kg5 79.
Qeg8+ Kh4 80. Qfh7# 1-0

[Event "Titled Tue 17th Jun Late"]
[Site "chess.com INT"]
[Date "2025.06.17"]
[Round "10"]
[White "Noroozi, Omid"]
[Black "Ambartsumova, Karina"]
[Result "1-0"]
[WhiteTitle "IM"]
[BlackTitle "IM"]
[WhiteElo "2266"]
[BlackElo "2403"]
[WhiteFideId "12501190"]
[BlackFideId "4166299"]
[EventDate "2025.06.17"]

1. c4 e6 2. Nc3 d5 3. d4 Nf6 4. cxd5 exd5 5. Bg5 Be7 6. e3 c6 7. Bd3 Nbd7 8.
Nge2 h6 9. Bh4 Nh5 10. Bxe7 Qxe7 11. O-O Nb6 12. Qc2 O-O 13. Rae1 Re8 14. e4
dxe4 15. Nxe4 Qd8 16. N2g3 Nf4 17. Qd2 Nxd3 18. Qxd3 Be6 19. Nh5 Qh4 20. Qf3 Bd5
21. Nhg3 Nc4 22. Qc3 Bxe4 23. Qxc4 Bd5 24. Qb4 b6 25. b3 Qf6 26. Qc3 g6 27. Re3
Kg7 28. Rfe1 Red8 29. Re5 h5 30. Rxh5 Rh8 31. Rxh8 Rxh8 32. Qe3 Rh4 33. Rd1 Rf4
34. f3 Rh4 35. Qe5 Rh8 36. Re1 Rd8 37. Kf2 Be6 38. Ne4 Qxe5 39. dxe5 Rd5 40. Nd6
Rd2+ 41. Re2 Rd1 42. Ke3 a5 43. Rd2 Re1+ 44. Kf4 g5+ 45. Kxg5 Rxe5+ 46. Kf4 Rc5
47. Ne4 Rc1 48. g4 b5 49. h4 a4 50. bxa4 bxa4 51. h5 a3 52. Ng5 Ra1 53. Nxe6+
fxe6 54. Ke5 Rb1 55. Kxe6 Rb2 56. Rd7+ Kh6 57. Kf5 Rb5+ 58. Kf6 c5 59. Rd6 Kh7
60. g5 c4 61. Rd7+ Kg8 62. Rc7 Rb6+ 63. Kf5 Rb5+ 64. Kg4 Rb4 65. f4 Rb2 66. Rxc4
Rxa2 67. Ra4 Ra1 68. Kf5 Kg7 69. Ra7+ Kf8 70. h6 a2 71. Kf6 Rf1 72. Ra8# 1-0